00446nam a2200169Ia 4500999001700000003000400017005001700021008004100038040001800079082001800097100002900115245003700144260003400181300000900215650001000224942004200234 c16297d16297OSt20200606115907.0190216s9999||||xx |||||||||||||| ||und|| cMESKC library a891.43bBHA/D aBhatnagar, Manorama9222 0aDhuryodhan /cManorama Bhatnagar bAnil Prakashan,aDelhi:c2000 a113p aHindi cBK2ddch891.43iBHA/Dk891.43mBHA/D